| 000 | 00687 a2200181 4500 | ||
|---|---|---|---|
| 003 | Nust | ||
| 005 | 20220730105804.0 | ||
| 020 | _a8129702924 | ||
| 040 | _cNust | ||
| 082 | _a004.67,STA | ||
| 100 | _aStallings, William | ||
| 245 |
_aComputer networking with internet protocols and technology / _cWilliam Stallings |
||
| 260 |
_aNew Delhi _bPearson _c2004 |
||
| 300 | _a642 p.: | ||
| 505 | _aOverview (Page-11), Applications (Page-75), Transport Protocols (Page-161), Quality of Service in IP Networks (Page-270), Internet Routing (Page-382), Network and Link Layers (Page-445), Management Topics (Page-545). | ||
| 650 |
_aComputer networking _960515 |
||
| 942 |
_2ddc _cBK _k004.67,STA |
||
| 999 |
_c193320 _d193320 |
||